000 00308nam a22001457a 4500
003 SGT
020 _a9788175415959
082 _a371.1,SHA
100 _aSHARMA,PARVEEN
245 _aTEACHING OF ENGLISH
260 _aNEW DELHI
_bSHIPRA
_c2011
300 _a280
650 _aEDUCATION
942 _2ddc
_cBK
_07
999 _c26672
_d26672